Chloe or Sam or Sophia or Marcus - Taylor Swift (All Lyrics) - Statistics

General Stats
  • This quiz has been taken 1,282 times
  • The average score is 280 of 327
Answer Stats
Lyrics % Correct
I
100%
"I
100%
you
100%
You
100%
you,
100%
Chloe
99%
Marcus
99%
or
99%
Sam
99%
so
99%
So
99%
Sophia
99%
an
98%
just
98%
Just
98%
my
98%
And
97%
and
97%
in
97%
it
97%
It
97%
me
97%
me,
97%
the
97%
he
96%
What
96%
Who
96%
Your
96%
your
96%
happen
95%
If
95%
if
95%
say,
95%
say
95%
Say
95%
some
95%
we
95%
apart
94%
loved
94%
that
94%
watch
94%
watched
94%
were"
94%
heart
93%
into
93%
of
93%
to
93%
break
92%
cold,
92%
cold
92%
Named
92%
wanna
92%
way
92%
always
90%
apartment
90%
somebody
90%
tear
89%
world
89%
like
88%
Like
88%
with
88%
wonder
88%
wonder?
88%
but
87%
world
86%
Could
84%
stumbled
84%
Can
83%
darkness
83%
do
83%
for
83%
Hands
83%
hologram
83%
you've
83%
drugs
82%
idea
82%
more
82%
wondered
82%
would
82%
be
81%
needed
81%
out
81%
couldn't
80%
internet
80%
new
80%
fools
79%
turned
79%
can't
78%
school
78%
have
77%
said
77%
you'll
77%
bullied
76%
hair
76%
sorts
76%
Will
76%
would've
76%
kids
75%
things
75%
know
74%
saw
74%
starlet
74%
eye
73%
sell
73%
us
73%
All
72%
As
71%
changed
71%
Changed
71%
maroon?
71%
never
71%
bones
70%
play
70%
scarlet
70%
didn't
69%
happened
69%
horses?
69%
many
69%
our
69%
by
68%
lovers
68%
unabsorb
68%
from
67%
not
67%
watching
67%
wild
67%
youth
67%
decade
66%
goddesses,
66%
orbit?
66%
seemed
66%
fade
65%
memory
65%
outrun
65%
Too
65%
crashed
64%
enough
64%
make
64%
outfits
64%
rules
64%
desertion
63%
this
63%
villains,
63%
wrecks
63%
plans
61%
back
60%
float
60%
theory,
60%
moment
59%
phantoms
59%
force
58%
time
58%
Cooler
56%
glint
54%
'Cause
52%
impaired
49%
depths
47%
(Ah
46%
ah
46%
ah)
46%
traced
46%
passage
45%
sigh
45%
Down
38%
No matching quizzes found
Score Distribution
Percent of People with Each Score
Percentile by Number Answered
Your Score History
You have not taken this quiz